000 00306nam a22001337a 4500
008 171101b xxu||||| |||| 00| 0 eng d
020 _a0521001161
041 _aeng
080 _a33
100 _a59
101 _aBUS
245 _aSECURITY AND INTERNATIONAL RELATIONS
_cKOLODZIEJ,E.A
942 _2udc
_cBK
999 _c36949
_d36949